000 00290nam a22001097a 4500
040 _cSK
082 _a634
100 _aCHAY CHETHA; ចាយ ជេដ្ឋា
245 _aForest management; ការគ្រប់គ្រងព្រៃឈើ
260 _aRUA
_bCHA
_c2008
942 _cKB
999 _c9218
_d9218